000 00700nam a2200289Ia 4500
005 20260324114714.0
008 008 260324s9999 xx 000 0 eng d
020 _a9780429298509
037 _aEBOOK
040 _aCRL
040 _beng
040 _cCRL
041 _2eng
041 _aeng
084 _qCRL
100 _aSubhankar Das
_91151837
245 0 _aSearch Engine Optimization and Marketing
245 2 _bA Recipe for Success in Digital Marketing
260 _bTaylor and Francis
260 _c2021
365 _a
365 _b210
856 _uhttp://www.taylorfrancis.com/books/9780429298509
942 _cEBOOK
999 _c1742172
_d1742172